000 00487nam a22001937a 4500
003 OSt
005 20140310181732.0
008 130316t xxu||||| |||| 00| 0 eng d
020 _a0517119420
050 _aPZ 7
_b.Ir68Ri 1994
082 _aPS2068
_b.A1 1994
100 _aIrving, Washington
_93543
245 _aRIP Van Winkle /
_bWashington Irving
260 _aPhiladelphia :
_bLippincott ,
_c1994.
300 _a102 p.
_c24 cm
562 _e1
942 _2lcc
_cBK-GS
999 _c2430
_d2430